000
00362nam a2200157Ia 4500
008
151213s9999 xx 000 0 und d
100
_a
Constable
245
_a
The Bull Wark
_c
Constable
250
_a
18th
260
_a
London
_b
Theodorbrelsan
_c
II
300
_a
4331 p.
650
_a
Literature
650
_a
Literature
700
_a
Constable
999
_c
2745
_d
2745